000 01086nam a22003017a 4500
001 9034
003 FISKH
005 20251117093030.0
008 251117b cb ||||| |||| 00| 0 eng d
020 _a0590447068
040 _aFISKH
_beng
_cFISKH
_dFISKH
050 _aE78.G73 D4
082 _a398.208997078
100 _adePaola, Tomie
245 _aThe lengend of the Indian paintbrush /
_cretold and illustrated by Tomie dePaola
250 _aFirst Sholastic printing , September 1991
260 _aNew York :
_bScholastic ,
_c1988.
300 _a42 unnumbered pages :
_bcolor illustrations ;
_c25 cm .
505 _aZ
520 _aLittle Gopher follows his destiny, as revealed in a Dream-Vision, of becoming an artist for his people and eventually is able to bring the colors of the sunset down to the earth.
521 8 _a930
_bLexile AD
521 8 _aZ
_bRaz-Plus
650 _aNative Americans
_vChildren's Book
650 _aMulticultural
_vChildren's Book
700 _adePaola, Tomie
_eIllustrator
942 _2ddc
_cBK
_n0
999 _c9034
_d9034